Některé problémy účetnictví při likvidaci obchodních společností. 1

Likvidácia a zánik obchodnej spoločnosti. Časový priebeh likvidácie. Ručenie spoločníkov za záväzky likvidovanej spoločnosti. Daňová stránka likvidácie. Účtovné uzávierky v procese likvidácie obchodnej spoločnosti.

Gespeichert in:
Bibliographische Detailangaben
1. Verfasser: Vomáčková, Hana
Format: Buchkapitel
Sprache:Tschechisch
Schlagworte:
Tags: Tag hinzufügen
Keine Tags, Fügen Sie das erste Tag hinzu!

MARC

LEADER 00000naa a2200000 4500
001 r018437
005 20221205103216.6
041 0 |a cze 
044 |a CZ 
245 1 0 |a Některé problémy účetnictví při likvidaci obchodních společností. 1  |c Hana Vomáčková 
520 |a Likvidácia a zánik obchodnej spoločnosti. Časový priebeh likvidácie. Ručenie spoločníkov za záväzky likvidovanej spoločnosti. Daňová stránka likvidácie. Účtovné uzávierky v procese likvidácie obchodnej spoločnosti. 
610 2 0 |a účtovníctvo 
610 2 0 |a likvidácia podniku 
610 2 0 |a podnik obchodný 
610 2 0 |a uzávierka účtovná 
610 2 0 |a dane 
610 2 0 |a záväzky 
100 1 |a Vomáčková, Hana